00458nam a2200133 a 450000100100000000500170001000800410002704000250006808200080009324500830010126000760018430000280026070000360028800004035620201002034059.0130822s1993 es a 000 0 spa d aDO-SdBNPbspacBNPHU axxx00aTradición oral de El Salvador /ccoordinadora Gloria Aracely de Gutiérrez. aMéxico :bDirección de publicaciones e impresosbConcultura,c1993. a114 p. :bil. ;c22 cm.1 aGutiérrez, Gloria Aracely de,